| 000 | 03603nam a22003137i 4500 | ||
|---|---|---|---|
| 001 | TCPA 28 | ||
| 003 | gtcocun | ||
| 005 | 20250912221421.0 | ||
| 006 | a||||gr|||| 00| 0 | ||
| 008 | 250912b2016 gt ||||| m||| 00| 0 eng d | ||
| 040 |
_agtcocun _bSPA _cgtcocun _eRDA |
||
| 041 | _aSPA | ||
| 084 | _0TCPA 28 | ||
| 100 |
_aCaal Cú, Luvia Aracely _eAutor |
||
| 245 |
_aInforme final del Ejercicio Profesional Supervisado, realizado en Excavadoras y Cargadores, S.A. de Cobán, Alta Verapaz/ _cLuvia Aracely Caal Cú _hImpreso |
||
| 264 |
_aCobán, Alta Verapaz: _bUniversidad de San Carlos de Guatemala, Centro Universitario del Norte, Licenciatura en Contaduría Pública y Auditoría. _c2016 |
||
| 300 |
_a69 p.: _bIlustraciones, gráficas. _c28 cm; PDF |
||
| 336 |
_2rdacontenido _aTexto _btxt |
||
| 337 |
_2rdamedio _aComputadora _bn |
||
| 338 |
_2rdasoporte _aCódigo en línea _bcr |
||
| 502 | _e. | ||
| 502 |
_aTesis de grado _bLicenciatura en Contaduría Pública y Auditoría. _cUniversidad de San Carlos de Guatemala, Centro Universitario del Norte, Licenciatura en Contaduría Pública y Auditoría. _d2016 _oTCPA 28 |
||
| 520 | 1 | 4 | _aLa Universidad de San Carlos de Guatemala cuenta con diversos centros universitarios a nivel nacional, dentro de los cuales se encuentra el Centro Universitario del Norte (CUNOR), ubicado en el municipio de Cobán, del departamento de Alta Verapaz, a través del cual ha implementado la presentación del Informe Final del Ejercicio Profesional Supervisado como requisito previo a optar al título de Licenciatura en Contaduría Pública y Auditoría. Con el propósito de contribuir a la sociedad, el Ejercicio Profesional Supervisado se lleva a cabo en una de las empresas privadas ubicadas en el medio, contando en esta ocasión con el apoyo de la empresa Excavadoras y Cargadores, Sociedad Anónima, como centro de práctica. Durante la fase de diagnóstico se efectuó un examen para identificar una serie de problemáticas que requirieron la realización de actividades que contribuyeran al mejoramiento y solución a tales condiciones que afectaban a la entidad. Dentro de las problemáticas detectadas se puede mencionar la desactualización de los registros contables de la entidad, incumpliendo así, a normativas legales a las cuales debe de dársele el pleno cumplimiento. El poseer desactualizados dichos registros, también ocasionó errores en los impuestos tributados por la empresa, los cuales perjudicarían económicamente su situación. Por lo anterior, se procedió al desarrollo de actividades que permitieran la actualización de los registros contables, estableciéndose nuevos saldos para cada una de las cuentas contables reflejadas en los estados financieros, y en base a la información contable generada, se determinaron y rectificaron los impuestos declarados y pagados por la entidad. Con el propósito de que la entidad mejore el proceso utilizado en el registro de sus transacciones económicas, también se llevó a cabo la elaboración de un manual contable, con el fin de definir políticas y procedimientos contables. Éste, será un instrumento que servirá como guía para el personal que se relacione con el departamento de contabilidad. |
| 650 | 1 | 4 |
_2LEMB _aCobán, Alta Verapaz _xRegistros contables _ximpuestos _xmanual contable |
| 700 |
_aLic. Miguel Alberto Klug Caal _eAsesor |
||
| 856 |
_uhttps://drive.google.com/file/d/1TqG-_3l7ZQ-xDLaW2iXiuWiAFA9XHqKk/view?usp=sharing _yPDF _zUn ejemplar en línea. |
||
| 942 |
_2ddc _cTES _iTCPA_28 _kClasificación _n0 _6TCPA__28 |
||
| 999 |
_c1826 _d1826 |
||